000 00878nam a22003017a 4500
003 CHAP
005 20220817043029.0
008 971010s1970 r 00010 d
010 _a63350
011 _a64322
035 _a69621
040 _cCHAP
082 0 4 _a080
_bS46 v.141
100 0 0 _aMartí, José.
_971690
245 1 0 _aSus mejores páginas
260 _aMéxico, D.F. :
_bPorrúa,
_c1970
300 _a247 p
490 0 _aSepan Cuántos
_v; 141
590 _aBATCH-UPD
_b10
_c20130110
_lUCH01
_h0533
590 _aBATCH-UPD
_b10
_c20130410
_lUCH01
_h0213
590 _aBATCH-UPD
_b10
_c20130914
_lUCH01
_h1727
590 _aCONVERSION
_b10
_c20130109
_lUCH01
_h1334
650 4 _aLiteratura latinoamericana.
_967135
830 0 _aSepan cuantos
_v; 141
901 _aBK
942 _cLIBRO
949 _a080 S46 v.141
_bBC
_cLIBRO
_d33724000299467
_eLIBRO
_h30456
_i69621
_si
999 _c63350
_d63350